Movies Quiz

Random Movies or Actress Quiz

4+ Oscar Acting Nominations, No Wins Quiz Stats

Quiz Updated Feb 29, 2016

Also try: Multi-Oscar Actors
Challenge
Share
Tweet
Embed
Score 0/22 Timer 07:00
4 Plays Today
Last and First Film Nomination Actor % Correct
Venus (2006)
Lawrence of Arabia (1962)
Peter O'Toole
77.9%
Bugsy (1991)
Bonnie and Clyde (1967)
... but won Best Director in 1981
Warren Beatty
75.2%
Junebug (2005) S
American Hustle (2013)
Amy Adams
62.6%
The Kids Are All Right (2010)
The Grifters (1990) S
Annette Bening
56.5%
Albert Nobbs (2011)
Dangerous Liaisons (1988)
Glenn Close
50.7%
Erin Brockovich (2000) S
Tom Jones (1963)
Albert Finney
50.2%
The Hours (2002) S
Apollo 13 (1995) S
Ed Harris
48%
Equus (1977)
My Cousin Rachel (1952) S
Richard Burton
30.7%
Ninotchka (1939)
Anna Christie (1929/1930)
Romance (1929/1930)
Greta Garbo
27.8%
The Black Stallion (1979) S
Babes In Arms (1939)
Mickey Rooney
25.9%
Sorry, Wrong Number (1948)
Stella Dallas (1937)
Barbara Stanwyck
21.5%
Last and First Film Nomination Actor % Correct
Auntie Mame (1958)
My Sister Eileen (1942)
Rosalind Russell
19.8%
Only When I Laugh (1981)
Cinderella Liberty (1973)
Marsha Mason
15.7%
Notorious (1946) S
Mr Smith Goes to Washington (1939) S
Claude Rains
14.3%
Judgement at Nuremberg (1961) S
The Search (1948)
Montgomery Clift
13.9%
Birdman of Alcatraz (1962) S
All About Eve (1950) S
Thelma Ritter
13.7%
The Sundowners (1960)
Edward, My Son (1949)
Deborah Kerr
13.7%
Testament (1983)
The Great White Hope (1970)
Jane Alexander
13.4%
I Remember Mama (1948)
Cimarron (1930/31)
Irene Dunne
12.6%
Hush… Hush, Sweet Charlotte (1964) S
The Magnificent Ambersons (1942) S
Agnes Moorehead
10.5%
Some Came Running (1958) S
Champion (1949) S
Arthur Kennedy
6.7%
Fanny (1961)
Conquest (1937)
Charles Boyer
6.4%

You're not logged in!

Compare scores with friends on all Sporcle quizzes.
Sign Up with Email
OR
Log In

You Might Also Like...

Show Comments

Extras

Top Quizzes Today


Score Distribution

Your Account Isn't Verified!

In order to create a playlist on Sporcle, you need to verify the email address you used during registration. Go to your Sporcle Settings to finish the process.